000 00952cam a22002654a 4500
999 _c8952
_d8952
020 _a9781455744626
035 _a(OCoLC)232340244
042 _apcc
082 0 0 _a616.07582
_222
_bCIB
100 1 _aCibas, Edmund S.
245 1 0 _aCytology :
_bdiagnostic principles and clinical correlates /
_cEdmund S. Cibas, Barbara S. Ducatman.
250 _a4th ed.
260 _aPhiladelphia, PA :
_bSaunders/Elsevier,
_cc2014.
300 _axiii, 560 p. :
_bill. (chiefly col.) ;
_c29 cm.
500 _a"An Expert consult title"--Cover.
504 _aIncludes bibliographical references and index.
505 0 _aCervical and vaginal cytology
650 0 _aCytodiagnosis.
650 1 2 _aCytodiagnosis
650 2 2 _aCytological Techniques.
700 1 _aDucatman, Barbara S.
906 _a7
_bcbc
_corignew
_d1
_eecip
_f20
_gy-gencatlg
942 _2ddc
_cBK